Top 10 Most Venomous Spiders In The World - Statistics

General Stats
  • This quiz has been taken 183 times
  • The average score is 4 of 10
Answer Stats
Number Spider % Correct
5 Black Widow Spider
94%
8 Brown Recluse Spider
56%
6 Brazilian Wandering Spider
44%
7 Redback Spider
43%
1 Sydney Funnel-Web Spider
39%
3 Wolf Spider
35%
4 Brown Widow Spider
16%
2 Six-Eyed Sand Spider
12%
9 False Widow Spider
6%
10 Yellow Sac Spider
6%
No matching quizzes found
Score Distribution
Percent of People with Each Score
Percentile by Number Answered
Your Score History
You have not taken this quiz